| 000 | 00765nam a2200217 i 4500 | ||
|---|---|---|---|
| 001 | 23928 | ||
| 003 | ES-MaACL | ||
| 005 | 20230906152946.0 | ||
| 007 | t| | ||
| 008 | 021213s1903 fr ||||1| fre d | ||
| 100 | 1 |
_aAnson, William R. _921851 |
|
| 245 | 1 | 0 |
_aLoi et pratique constitutionnelles de l'Angleterre / _cle parlement par William R. Anson ; avec un preface de Gabriel Hanotause ; traduction de C. Gambilson. |
| 260 |
_aParís : _bV. Gari, _c1903. |
||
| 300 |
_aXXXVIII, 426 p. ; _c22 cm. |
||
| 490 | 1 | _aBibliothèque internationale de droit public | |
| 700 | 1 |
_aHanotause, Gabriel. _961743 |
|
| 700 | 1 |
_aGambilson, C. _953757 |
|
| 830 | 0 |
_aBibliothèque internationale de droit public _9180878 |
|
| 852 |
_aES-MaACL _jF-3111 |
||
| 999 |
_c23928 _d23928 |
||